00693nam a2200217Ia 450000500170000000800410001702000140005804000190007204100120009108200190010310000160012224500770013826000260021530000260024144000270026750400500029465000530034465100390039770000290043685000100046520230619085014.0131103s9999 xx 000 0 und d a582493498 aLoreto College aEnglish a940.53112bIRI aIriye,Akira 4aThe Origins of the second world war in Asia and the PacificcAkira Iriye aLondonbLongmanc1987 axi,202 p.b ill.,maps aOrigins Of Modern Wars aIncludes bibliographical references and index aAsia - Modern History,1939 - 45 - World War - II aPacific - Modern History,1939 - 45 aHearder,Harry,series ed. aLCLIB